Mycoremediation : Fungal bioremediation

Mycoremediation' provides comprehensive coverage, history, and the most up-to-date account of this dynamic and emerging field. It focuses on the current status of role of fungi in biodegradation and bioremediation of various hazardous wastes and wastewaters.

保存先:
書誌詳細
第一著者: Singh, Harbhajan
フォーマット: 図書
言語:Undetermined
出版事項: Hoboken, N.J. Wiley-Interscience 2006
主題:
タグ: タグ追加
タグなし, このレコードへの初めてのタグを付けませんか!
Thư viện lưu trữ: Trung tâm Học liệu Trường Đại học Cần Thơ
LEADER 00858nam a2200217Ia 4500
001 CTU_166108
008 210402s9999 xx 000 0 und d
020 |c 137.36 
082 |a 628.5 
082 |b S617 
100 |a Singh, Harbhajan 
245 0 |a Mycoremediation : 
245 0 |b Fungal bioremediation 
245 0 |c Harbhajan Singh 
260 |a Hoboken, N.J. 
260 |b Wiley-Interscience 
260 |c 2006 
520 |a Mycoremediation' provides comprehensive coverage, history, and the most up-to-date account of this dynamic and emerging field. It focuses on the current status of role of fungi in biodegradation and bioremediation of various hazardous wastes and wastewaters. 
650 |a Fungal remediation,Tiêu diệt nấm mốc 
904 |i Ngọc Mai, Bạch Trúc 
980 |a Trung tâm Học liệu Trường Đại học Cần Thơ